[Event "POL-chT U19 2nd League"]
[Site "Chelm Lubelski"]
[Date "2010.07.12"]
[Round "8"]
[White "Boldys, Henryk"]
[Black "Antoniewicz, Jakub"]
[Result "0-1"]
[WhiteElo "1625"]
[BlackElo "1776"]
[PlyCount "74"]
[EventDate "2010.07.06"]
[EventType "team-tourn"]
[EventRounds "11"]
[EventCountry "POL"]
[SourceTitle "EXT 2011"]
[Source "ChessBase"]
[SourceDate "2010.11.26"]
[SourceVersion "1"]
[SourceVersionDate "2010.11.26"]
[SourceQuality "1"]
[WhiteTeam "Rydultowy Ognisko U19"]
[BlackTeam "Wroclaw MUKS MDK Fabryczna U19"]
[WhiteTeamCountry "POL"]
[BlackTeamCountry "POL"]

1. c4 c5 2. Nc3 Nc6 3. Nf3 g6 4. e4 Bg7 5. Be2 d6 6. 0-0 e5 7. d3 Nge7 8. Nd5 Nxd5 9. cxd5 Ne7 10. Bd2 0-0 11. b4 b6 12. bxc5 bxc5 13. Bc3 f5 14. Nd2 Ba6 15. Qa4 Qc8 16. Nc4 Bxc4 17. Qxc4 Bh6 18. Rab1 Qc7 19. Bxe5 Qd7 20. Bc3 Rf7 21. Rb3 Raf8 22. Rfb1 fxe4 23. dxe4 Rxf2 24. Be1 R2f7 25. Bg3 Nc8 26. e5 dxe5 27. Bxe5 Nd6 28. Bxd6 Qxd6 29. Bf3 Bf4 30. h3 Be5 31. Ra3 Bd4+ 32. Kh1 Qg3 33. Qf1 Be5 34. Qg1 Rxf3 35. Rxf3 Rxf3 36. Re1 Rf7 37. Rb1 Bd4 0-1